[Event "URU Regional Este"]
[Site "Punta del Este"]
[Date "2022.08.13"]
[Round "2"]
[White "Rodriguez Martinez, Jose Fernando"]
[Black "Valli, Martin"]
[Result "1-0"]
[WhiteElo "1735"]
[BlackElo "1544"]
[PlyCount "66"]
[EventDate "2022.08.12"]
[EventType "swiss"]
[EventRounds "5"]
[EventCountry "URU"]
[SourceTitle "EXT 2024"]
[Source "ChessBase"]
[SourceDate "2023.10.10"]
[SourceVersion "1"]
[SourceVersionDate "2023.10.10"]
[SourceQuality "1"]

1. e4 e6 2. d4 d5 3. Bd3 Nf6 4. e5 Nfd7 5. f4 c5 6. c3 Nc6 7. Nf3 Be7 8. 0-0 cxd4 9. cxd4 Qb6 10. Bc2 Nb4 11. Bb3 f6 12. Kh1 0-0 13. Nc3 fxe5 14. fxe5 Qa6 15. a3 Nc6 16. Bc2 Nxd4 17. Bd3 Qb6 18. Na4 Qc6 19. Nxd4 Rxf1+ 20. Bxf1 Qc7 21. Bf4 Nf8 22. Rc1 Qa5 23. b4 Qd8 24. Nc5 Ng6 25. Ncxe6 Bxe6 26. Nxe6 Qd7 27. Nc7 Rc8 28. Nxd5 Rxc1 29. Nxe7+ Qxe7 30. Qxc1 h6 31. Qc8+ Kh7 32. Qf5 Qd8 33. Bd3 Qd4 1-0